[Event "Kstovo Chess Hopes op"]
[Site "Kstovo"]
[Date "2013.06.26"]
[Round "6"]
[White "Novikov, Danila"]
[Black "Suchkov, Alexander"]
[Result "1/2-1/2"]
[WhiteElo "1733"]
[BlackElo "1707"]
[PlyCount "70"]
[EventDate "2013.06.24"]
[EventType "swiss"]
[EventRounds "9"]
[EventCountry "RUS"]
[SourceTitle "EXT 2018"]
[Source "ChessBase"]
[SourceDate "2017.10.13"]
[SourceVersion "1"]
[SourceVersionDate "2017.10.13"]
[SourceQuality "1"]

1. d4 Nf6 2. c4 c5 3. d5 b5 4. cxb5 a6 5. bxa6 Bxa6 6. g3 g6 7. Bg2 d6 8. Nc3 Bg7 9. Nf3 0-0 10. 0-0 Nbd7 11. Re1 Ng4 12. e4 Nge5 13. Nxe5 Nxe5 14. Bf1 Bxf1 15. Kxf1 c4 16. Qe2 Nd3 17. Rd1 Qa5 18. Qc2 Rfb8 19. Rxd3 cxd3 20. Qxd3 Rc8 21. Bd2 Rab8 22. Ne2 Qd8 23. Bc3 Bxc3 24. bxc3 Qa5 25. Qc2 Qa3 26. Rb1 Rxb1+ 27. Qxb1 Ra8 28. f4 Qxa2 29. Qxa2 Rxa2 30. Kf2 Kg7 31. Kf3 h5 32. h3 Ra1 33. h4 Ra2 34. Ke3 Kf6 35. Kd3 Ra1 1/2-1/2

[Event "Kstovo Chess Hopes op"]
[Site "Kstovo"]
[Date "2013.06.26"]
[Round "5"]
[White "Vybin, Sergey"]
[Black "Novikov, Danila"]
[Result "1-0"]
[WhiteElo "1749"]
[BlackElo "1733"]
[PlyCount "51"]
[EventDate "2013.06.24"]
[EventType "swiss"]
[EventRounds "9"]
[EventCountry "RUS"]
[SourceTitle "EXT 2018"]
[Source "ChessBase"]
[SourceDate "2017.10.13"]
[SourceVersion "1"]
[SourceVersionDate "2017.10.13"]
[SourceQuality "1"]

1. d4 d5 2. c4 c6 3. Nc3 Nf6 4. Nf3 e6 5. Bg5 Nbd7 6. e3 Be7 7. Bd3 dxc4 8. Bxc4 b5 9. Bd3 a6 10. 0-0 0-0 11. a3 c5 12. Qc2 Bb7 13. dxc5 Bxc5 14. Bxh7+ Kh8 15. Be4 Bxe4 16. Nxe4 Be7 17. Nxf6 Bxf6 18. Rfd1 Bxg5 19. Nxg5 Qxg5 20. Rxd7 Qe5 21. Rad1 Rac8 22. Qe2 Qf5 23. e4 Qe5 24. R7d3 Kg8 25. g3 Rc4 26. Re3 1-0

[Event "Kstovo Chess Hopes op"]
[Site "Kstovo"]
[Date "2012.07.??"]
[Round "9"]
[White "Klykov, Viacheslav"]
[Black "Novikov, Danila"]
[Result "1-0"]
[WhiteElo "1763"]
[BlackElo "1746"]
[PlyCount "43"]
[EventDate "2012.07.??"]
[EventType "swiss"]
[EventRounds "9"]
[EventCountry "RUS"]
[SourceTitle "EXT 2014"]
[Source "ChessBase"]
[SourceDate "2013.11.20"]
[SourceVersion "1"]
[SourceVersionDate "2013.11.20"]
[SourceQuality "1"]

1. e4 d5 2. exd5 Qxd5 3. Nc3 Qa5 4. d4 Nf6 5. Nf3 Bg4 6. Bc4 e6 7. 0-0 Nc6 8. h3 Bh5 9. g4 Bg6 10. Bf4 0-0-0 11. Nb5 Bd6 12. Bxd6 cxd6 13. c3 a6 14. b4 Qb6 15. Na3 Ne7 16. Bd3 Kd7 17. b5 axb5 18. Rb1 Bxd3 19. Qxd3 Ke8 20. Rxb5 Qc7 21. Rfb1 Rb8 22. Nc4 1-0

[Event "Kstovo Chess Hopes op"]
[Site "Kstovo"]
[Date "2012.07.??"]
[Round "6"]
[White "Novikov, Danila"]
[Black "Kulagina, Ekaterina"]
[Result "1-0"]
[WhiteElo "1746"]
[BlackElo "1736"]
[PlyCount "31"]
[EventDate "2012.07.??"]
[EventType "swiss"]
[EventRounds "9"]
[EventCountry "RUS"]
[SourceTitle "EXT 2014"]
[Source "ChessBase"]
[SourceDate "2013.11.20"]
[SourceVersion "1"]
[SourceVersionDate "2013.11.20"]
[SourceQuality "1"]

1. d4 Nf6 2. c4 g6 3. Nc3 Bg7 4. e4 d6 5. Be2 0-0 6. Bg5 Qe8 7. f4 e5 8. fxe5 dxe5 9. d5 h6 10. Bh4 Nh7 11. Nf3 Nd7 12. b4 f5 13. 0-0 f4 14. Nb5 g5 15. Nxc7 Qg6 16. Bf2 1-0